000 00432nam a22001817a 4500
003 MPLRDC
005 20220104123500.0
008 210129b ||||| |||| 00| 0 eng d
020 _a7-81003-392-1
082 _a528.972 AZF
100 _a安在峰编著
245 _a中国硬气功
_c
250 _a一版三刷
260 _a
_b北京体育学院出版社
_c1993
300 _b
650 _a
942 _cBK
_o528.972 AZF
999 _c11771
_d11761